Padol z neba

Podrobná bibliografia
Hlavný autor: Judah, Sophie, 1949- (Autor)
Ďalší autori: Hollá-Terenová, Danica, 1954- (Prekladateľ)
Médium: Článok
Jazyk:slovenčina
angličtina
Fyzický popis:Fotogr.
ISSN:0231-6269
Predmet:

MARC

LEADER 00000nab a2200000 a 4500
001 vtls009360692
003 SK-MaSNL
005 20260304174939.0
008 250507c2008 xo |r|p|||||||000 b|slo
015 |a SNBRB2008/11  |2 snkbucl 
035 |a (uuid)b8f044d6-3ab2-40cd-9eff-623b2a4a6ab6 
035 |a urn:nbn:sk:snk-abc4c4 
035 |a (urnnbn)urn:nbn:sk:snk:ar-004fey 
038 |a SNKBUCL 
040 |a SNKBUCL  |b slo  |c SNKBUCL  |e AACR2 
041 1 |a slo  |h eng 
044 |a xo  |c SK 
080 |a 821.111 (540)-32  |2 2001 
080 |a 821.411.16 (540)-32  |2 2001 
100 1 |a Judah, Sophie,  |d 1949-  |4 aut  |9 118058 
245 1 0 |a Padol z neba  |c Sophie Judah ; vybrala a preložila Danica Hollá 
300 |b Fotogr. 
650 0 7 |a izraelské poviedky (anglicky)  |2 snkbucl  |9 1506824 
650 0 7 |a spoločenské poviedky  |2 snkbucl  |9 30980 
650 0 7 |a indické poviedky (anglicky)  |2 snkbucl  |9 1506825 
700 1 |a Hollá-Terenová, Danica,  |d 1954-  |4 trl  |9 113258 
773 0 |t Revue svetovej literatúry  |g Roč. XLIV, č. 3 (2008), s. 94-98  |x 0231-6269 
850 |a Slovenská národná knižnica 
852 |a Slovenská národná knižnica 
958 |a article15 
958 |a OND 
958 |a LX 
958 |a IN 
958 |a IL 
958 |a EUIPO 
999 |c 3011213  |d 3013143